Werkzeugmaschinen : Berechnungsgrundlagen und Gestaltung in den spagebenden Verfahren /

Salvato in:
Dettagli Bibliografici
Autore principale: Perovič, Božina (Autore)
Natura: Libro
Lingua:tedesco
Pubblicazione: Braunschweig : Friedr.Vieweg & Sohn, 1984
Soggetti:
Tags: Aggiungi Tag
Nessun Tag, puoi essere il primo ad aggiungerne!!

MARC

LEADER 00000nam a22000003a 4500
001 stu42424
005 20150617225720.2
008 940405s1984----gw------------------ger-d
020 |a 3-528-04290-7 
040 |a STU  |b slo 
041 0 |a ger 
044 |a gw 
080 |a 621.9.06 
100 1 |a Perovič, Božina  |4 aut 
245 1 |a Werkzeugmaschinen :  |b Berechnungsgrundlagen und Gestaltung in den spagebenden Verfahren /  |c [aut.]Božina Perovič 
260 |a Braunschweig :  |b Friedr.Vieweg & Sohn,  |c 1984 
300 |a 229 s 
650 7 |a obrábanie  |2 stusub 
650 7 |a stroje  |2 stusub 
650 7 |a stroje obrábacie  |2 stusub 
996 |b 284M026016  |c M*8641-1  |l MMKN  |s A  |a 24  |w stu42424_0001